Statistics for Zootopia Characters Quiz

Click here to take the quiz!

General Stats

  • This quiz has been taken 292 times
  • The average score is 9 of 31

Answer Stats

Description Character % Correct
A European rabbit from Bunnyburrow who is a newly appointed member of the Zootopia Police DepartmentOfficer Judy Hopps
95%
A red fox who is a small-time con artistNicholas P. "Nick" Wilde
88%
A cape buffalo who is the police chief of the Zootopia Police Department's 1st PrecinctChief Bogo
63%
The "fastest" three-toed sloth in the DMV (short for Department of Mammal Vehicles)Flash
59%
A lion who is the Mayor of ZootopiaLeodore Lionheart
52%
A diminutive sheep who is the assistant mayor of ZootopiaDawn Bellwether
51%
A Thomson's gazelle from Sahara Square who is a famous pop starGazelle
49%
An arctic shrew who is the most fearsome crime boss in Tundratown and is served by a group of polar bearsMr. Big
48%
An obese cheetah who works as a dispatcher for the Zootopia Police Department's 1st PrecinctOfficer Benjamin Clawhauser
40%
A red fox from Bunnyburrow who used to bully the young rabbits and sheep when he was youngGideon Grey
33%
A fennec fox who is Nick’s partner in crimeFinnick
31%
A concerned North American river otter whose husband has gone missingMrs. Otterton
28%
A European rabbit from Bunnyburrow who is the mother of Judy HoppsBonnie Hopps
27%
A European rabbit from Bunnyburrow who is the father of Judy Hopps and a known carrot farmerStu Hopps
26%
A laid-back Yak who is the owner of the naturist club Mystic Springs OasisYax
23%
A small-time least weasel crook who is also known for selling bootleg DVDsDuke Weaselton
23%
A black jaguar from Zootopia's Rainforest District who is a chauffeur for Zootopia's biggest limo company and is the personal chauffeur to Mr. BigManchas
22%
A three-toed sloth who is Flash's co-worker at the DMVPriscella
22%
A sheep chemist with puffy wool that works for Assistant Mayor BellwetherDoug
19%
An Indian elephant that works as a yoga instructor at Mystic Springs OasisNangi
15%
The daughter of Mr. Big, who disapproves of her father doing his criminal business during her activities and befriends Judy after she saves her from falling debris and later names her unborn child after herFru Fru
13%
An African elephant who owns an elephant ice cream parlor called Jumbeaux's CaféJerry Jumbeaux Jr.
12%
A black rhinoceros police officer who is part of the Zootopia Police DepartmentOfficer McHorn
7%
A moose co-anchor of the ZNN NewsPeter Moosebridge
4%
A honey badger who handles the most pressing medical casesDr. Madge Honey Badger
2%
A greater kudu who is the neighbor of Judy HoppsBucky Oryx-Antlerson
1%
A gemsbok who is the neighbor of Judy HoppsPronk Oryx-Antlerson
1%
An unnamed polar bear who works at the Zootopia Police AcademyDrill Instructor
1%
An unnamed domestic pig who is the owner of a flower shop called "Flora and Fauna" that is robbed by Duke Weaselton and frantically asks Judy for helpFrantic Pg
0%
A nine-banded armadillo who is the landlady of the Grand Pangolin Apartments that Judy Hopps moves intoMrs. Dharma Armadillo
0%
The unnamed construction foreman of Little Rodentia's construction crew who receives the Pawpsicle sticks from Nick and FinnickMouse Foreman
0%

Score Distribution

Percentile by Number Answered

Percent of People with Each Score

Your Score History

You have not taken this quiz